The Only Two Flags That... - Statistics

General Stats
  • This quiz has been taken 41 times
  • The average score is 11 of 24
Answer Stats
Clue Answer % Correct
Are square Switzerland
94%
Have a map of the country's land Cyprus
89%
Have blue, white, and black as their three colors Estonia
83%
Have more than 15 stars United States
81%
Have a map of the country's land Kosovo
69%
Are square Vatican City
69%
Have two colors and a single, off-center dot Bangladesh
67%
Have two colors and a single, off-center dot Palau
56%
Have five horizontal stripes in a 1:1:2:1:1 ratio Thailand
56%
Have more than 15 stars Brazil
50%
Contain purple Dominica
50%
Contain pink Mexico
47%
Have five horizontal stripes in a 1:1:2:1:1 ratio Costa Rica
39%
Contain pink Spain
39%
Contain purple Nicaragua
31%
Have blue, white, and black as their three colors Botswana
28%
Have exactly 7 stars Grenada
25%
Have three vertical stripes in a 1:2:1 ratio Canada
22%
Have a book Dominican Republic
19%
Have three vertical stripes in a 1:2:1 ratio Saint Vincent and the Grenadines
19%
Have red, yellow, blue, white, and black as their five colors Antigua and Barbuda
14%
Have red, yellow, blue, white, and black as their five colors Eswatini
14%
Have a book Mozambique
14%
Have exactly 7 stars Tajikistan
11%
No matching quizzes found
Score Distribution
Percent of People with Each Score
Percentile by Number Answered
Your Score History
You have not taken this quiz